Statistics for People who died on Christmas Day

Click here to take the quiz!

General Stats

  • This quiz has been taken 82 times
  • The average score is 3 of 15

Answer Stats

YearHintAnswer% Correct
1977Very famous silent film comedy actorCharlie Chaplin
89%
2006The 'Godfather of soul' musicianJames Brown
68%
1995Actor, singer, member of the Rat PackDean Martin
67%
1997Uncle Jesse from 'Dukes of Hazzard'Denver Pyle
10%
2008Actress & singer, voice of Yzma from 'Emperor's New Groove'Eartha Kitt
8%
1989The last woman to be executed in RomaniaElena Ceausescu
6%
1980Archbishop of El SalvadorOscar Romero
6%
1983Spanish surrealist painter and sculptorJoan Miró
4%
2000Author of the "Two Dogmas of Empiricism"Willard Van Orman Quine
4%
1946Vaudevillian, comedian and jugglerW. C. Fields
3%
795Pope from 772-795, admired by CharlemagneAdrian I
1%
1973French aviation pioneerGabriel Voisin
1%
1992South African anti-apartheid activist (Hint: maiden name Fennell)Helen Joseph
1%
1979Actress played Vi in 'Grease'Joan Blondell
1%
1635'Father of New France', founder of Quebec citySamuel de Champlain
1%

Score Distribution

Percentile by Number Answered

Percent of People with Each Score

Your Score History

You have not taken this quiz